|
|
|
|
| LEADER |
00000nab a2200000 a 4500 |
| 001 |
vtls001522421 |
| 003 |
SK-MaSNL |
| 005 |
20260318114303.0 |
| 008 |
160322c2004 xo jr p 000 c0ukr |
| 015 |
|
|
|a SNKRB2005/04
|
| 040 |
|
|
|a SVKPOCL
|b slo
|c SVKPO
|e AACR2
|
| 041 |
0 |
|
|a ukr
|
| 044 |
|
|
|a xo
|c SK
|
| 080 |
|
|
|a 2-051:061.3
|2 UDC-MRF-SK2
|
| 080 |
|
|
|a 929 Hopko, Vasiľ
|2 UDC-MRF-SK2
|
| 100 |
1 |
|
|a Krajňák, Peter,
|d 1952-
|4 aut
|9 754199
|
| 245 |
1 |
0 |
|a Seminar prysvjačenyj V. Hopkovy
|c Petro Krajnjak
|
| 300 |
|
|
|b Fotogr.
|
| 600 |
1 |
7 |
|a Hopko, Vasiľ,
|c blahoslavený,
|d 1904-1976
|2 svkpocl
|9 26997
|
| 610 |
2 |
7 |
|a Prešovská univerzita v Prešove.
|b Gréckokatolícka bohoslovecká fakulta
|2 svkpocl
|9 177610
|
| 611 |
2 |
7 |
|a Sté výročie narodenia blahoslaveného biskupa Vasiľa Hopka
|g konferencia
|d 2004
|c Prešov, Slovensko
|2 svkpocl
|9 1628024
|
| 651 |
|
7 |
|a Prešov (Slovensko)
|2 svkpocl
|9 17347
|
| 773 |
0 |
|
|t Narodny novynky
|g Roč. XIV, č. 16-19 (2004), s. 1
|
| 852 |
|
|
|a SVKPO
|b KIS3GCP
|
| 958 |
|
|
|a RN
|
| 958 |
|
|
|a UK
|
| 958 |
|
|
|a NT
|
| 958 |
|
|
|a BX
|
| 958 |
|
|
|a SK
|
| 999 |
|
|
|c 3359635
|d 3361565
|